Blacks in United States history / (Record no. 64516)
[ view plain ]
| 000 -LEADER | |
|---|---|
| fixed length control field | 00582nam a2200205 a 4500 |
| 001 - CONTROL NUMBER | |
| control field | 64516 |
| 003 - CONTROL NUMBER IDENTIFIER | |
| rucl marc code | BD-RjUL |
| 005 - DATE AND TIME OF LATEST TRANSACTION | |
| control field | 20211209081322.0 |
| 008 - FIXED-LENGTH DATA ELEMENTS--GENERAL INFORMATION | |
| fixed length control field | 170215s1985 ru ||||| |||| 00| 0 eng d |
| 035 ## - SYSTEM CONTROL NUMBER | |
| System control number | (BD-RjUL)64646 |
| 040 ## - CATALOGING SOURCE | |
| Original cataloging agency | BD-RjUL |
| Language of cataloging | eng |
| Transcribing agency | BD-RjUL |
| Modifying agency | BD-RjUL |
| 041 ## - LANGUAGE CODE | |
| Language code of text/sound track or separate title | eng |
| 082 ## - DEWEY DECIMAL CLASSIFICATION NUMBER | |
| Edition number | 23 |
| Classification number | 973.0496073 |
| Author mark and year | IVB 1985 |
| 100 1# - MAIN ENTRY--PERSONAL NAME | |
| Personal name | Ivanov, R. F. |
| 9 (RLIN) | 191378 |
| 245 ## - TITLE STATEMENT | |
| Title | Blacks in United States history / |
| Statement of responsibility, etc. | R F Ivanov |
| 260 ## - PUBLICATION, DISTRIBUTION, ETC. (IMPRINT) | |
| Place of publication, distribution, etc. | Moscow : |
| Name of publisher, distributor, etc. | Progress Publishers, |
| Date of publication, distribution, etc. | c 1985. |
| 300 ## - PHYSICAL DESCRIPTION | |
| Pagination | 268 p. ; |
| Size | 21 cm |
| 651 ## - SUBJECT ADDED ENTRY--GEOGRAPHIC NAME | |
| Geographic name | African Americans |
| Form subdivision | History. |
| 9 (RLIN) | 191379 |
| 942 ## - ADDED ENTRY ELEMENTS (KOHA) | |
| Source of classification or shelving scheme | Dewey Decimal Classification |
| Koha item type | Books |
| Lost status | Source of classification or shelving scheme | Damaged status | Not for loan | Collection code | Permanent Location | Current Location | Shelving location | Date acquired | Source of acquisition | Total Checkouts | Full call number | Date last seen | Copy number | Koha item type |
|---|---|---|---|---|---|---|---|---|---|---|---|---|---|---|
| Dewey Decimal Classification | Not For Loan | Non-fiction | Central Library, University of Rajshahi | Central Library, University of Rajshahi | Reading Room | 05/08/1989 | R.U.L. | 973.0496073 IVB 1985 | 15/02/2017 | C-1 | Books |